Adaptación de los inventarios MacArthur-Bates al euskara : desarrollo comunicativo entre los 8 y los 30 meses (Record no. 143380)

MARC details
000 -CABECERA
campo de control de longitud fija 00693nab a2200217 a 4500
005 - FECHA Y HORA DE LA ÚLTIMA TRANSACCIÓN
campo de control 20210219160720.0
008 - ELEMENTOS DE LONGITUD FIJA--INFORMACIÓN GENERAL
campo de control de longitud fija 991125s1985 mx 000 0 spa u
035 ## - NÚMERO DE CONTROL DEL SISTEMA
Número de control de sistema UPN01000171275
222 ## - TÍTULO CLAVE
Título clave INFANCIA Y APRENDIZAJE =
222 ## - TÍTULO CLAVE
Información calificativa JOURNAL FOR THE STUDY OF EDUCATION AND DEVELOPMENT
245 ## - MENCIÓN DE TÍTULO
Título Adaptación de los inventarios MacArthur-Bates al euskara : desarrollo comunicativo entre los 8 y los 30 meses
260 ## - PUBLICACIÓN, DISTRIBUCIÓN, ETC.
Lugar de publicación, distribución, etc. Madrid, España
300 ## - DESCRIPCIÓN FÍSICA
Extensión 411-424
362 0# - FECHAS DE PUBLICACIÓN Y/O DESIGNACIÓN SECUENCIAL
Fecha de publicación y/o designación secuencial 2008 Vol. 31, no. 4, nov.
653 0# - TERMINO DE INDIZACION - NO CONTROLADO
Término no controlado DESARROLLO COMUNICATIVO
653 0# - TERMINO DE INDIZACION - NO CONTROLADO
Término no controlado LENGUAJE
653 0# - TERMINO DE INDIZACION - NO CONTROLADO
Término no controlado GESTOS COMUNICATIVOS
700 1# - ASIENTO SECUNDARIO--NOMBRE DE PERSONAL
Nombre de persona García Borrego, Iñaki
700 1# - ASIENTO SECUNDARIO--NOMBRE DE PERSONAL
Término indicativo de función/relación coaut.
905 ## - TIPO DE MATERIAL
Tipo de material Articulo

No items available.